000 00936nji a22002537a 4500
005 20100922111615.0
006 a|||||r|||||00| 0
007 sd ammalaaahaa
008 100830t xxu||||| |||| 00| 0 eng d
028 _a6E 103
_bAsylum Records
035 _aGR-02932
040 _aSED
_cSED
100 _917455
_aSzymczyk, Bill
245 _aHotel California-Eagles
_cproduced by Bill Szymczyk
_h[sound recording] :
260 _aDum Dum, India
_bAsylum Records
_c1976
300 _a1 sound disc [Gramophone Recording]:
_banalog, 33 1/3 rpm
_c12.5 in. (LP)
_fGramophone Record
500 _aBrief Record
500 _aRecord labels : Asylum Records, Sky Blue
505 _aSide-1 (Hotel California) Side-2 (Wasted time (Reprise))
600 _aSzymczyk, Bill
_920359
650 _aWestern Songs
_zIndia
_91186
_xExcerpts
942 _2ddc
_cGR
999 _c47398
_d47398